Conferencia del presidente de la Diputación en la Escuela Superior de Administración y Dirección de Empresas
Publicado:
San Jorge, núm. 67 - 68 (2n semestre 1967), pàg 135 :
MARC
| LEADER | 00000nam a2200000Ia 4500 | ||
|---|---|---|---|
| 008 | 160829s9999 xx 000 0 cat d | ||
| 245 | |a Conferencia del presidente de la Diputación en la Escuela Superior de Administración y Dirección de Empresas | ||
| 260 | |a San Jorge, núm. 67 - 68 (2n semestre 1967), pàg 135 | ||
| 600 | 0 | |a Muller i d'Abadal, Josep M., |d 1919-1981 |9 28922 | |
| 610 | 2 | 0 | |a Escuela de Administración de Empresas de Barcelona |9 54864 |
| 650 | 0 | |a Conferències |9 55184 | |
| 901 | |a Arxiu | ||
| 942 | |n 1 |2 udc | ||
| 952 | |0 0 |1 0 |4 0 |7 1 |9 49729 |a Arxiu |b Arxiu |d 2016-12-01 |l 0 |r 2016-12-01 00:00:00 |w 2016-12-01 |y ARXIU | ||
| 999 | |c 53571 |d 53571 | ||